| 000 | 00560nam a22001937a 4500 | ||
|---|---|---|---|
| 005 | 20250101121550.0 | ||
| 010 | _aB-761533 | ||
| 020 |
_a9788129137005 _c195.00 |
||
| 035 | _aB-761533 | ||
| 037 | _bGift | ||
| 082 | _aS | ||
| 100 |
_aBond, Ruskin _975658 |
||
| 245 |
_aThe Essential Collection for Young Readers/ _cRuskin Bond |
||
| 260 |
_bRupa _c2015 _aNew Delhi |
||
| 270 |
_a7/16, Ansari Road Dariya Ganj _bNew Delhi _e110002 |
||
| 300 |
_avii, 202p. _c20cm(pb) |
||
| 942 |
_2ddc _cCH _mBON _hS |
||
| 999 |
_c207956 _d207956 |
||